Statistics for Spanish Ordinal Numbers

Click here to take the quiz!

General Stats

  • This quiz has been taken 17 times
  • The average score is 10 of 28

Answer Stats

HintAnswer% Correct
firstprimero
100%
secondsegundo
100%
thirdtercero
92%
tenthDécimo
69%
fourthcuarto
62%
eighthoctavo
62%
ninthNoveno
54%
fifthquinto
54%
sixthsexto
54%
seventhséptimo
46%
fourteenthDecimocuarto
23%
fifteenthDecimoquinto
23%
sixteenthDecimosexto
23%
eleventhUndécimo
23%
eighteenthDecimoctavo
15%
nineteenthDecimonoveno
15%
seventeenthDecimoséptimo
15%
thirteenthDecimotercero
15%
twelfthDuodécimo
15%
eightiethOctogésimo
15%
thirtiethTrigésimo
15%
twentiethVigésimo
15%
hundredthCentésimo
8%
fortiethCuadragésimo
8%
ninetiethNonagésimo
8%
fiftiethQuincuagésimo
8%
seventiethSeptuagésimo
8%
sixtiethSexagésimo
8%

Score Distribution

Percentile by Number Answered

Percent of People with Each Score

Your Score History

You have not taken this quiz